[Event "7eme Open de Saint-Chely d'Aubrac"]
[Site "Saint-Chely d'Aubrac (12)"]
[Date "2007.07.15"]
[Round "2.4"]
[White "Deschler, Fabrice"]
[Black "Huin, Eric"]
[Result "1-0"]
[WhiteElo "2151"]
[BlackElo "1929"]
[PlyCount "107"]
[EventDate "2007.??.??"]

1. d4 Nf6 2. c4 g6 3. Nc3 Bg7 4. e4 d6 5. Nf3 O-O 6. Be2 e5 7. Be3 Nc6 8. d5
Ne7 9. Nd2 Nd7 10. O-O f5 11. f3 f4 12. Bf2 Nf6 13. c5 g5 14. Nc4 Ng6 15. cxd6
cxd6 16. a4 Rf7 17. Nb5 Bf8 18. Nxa7 Bd7 19. Nb5 Bxb5 20. axb5 Rxa1 21. Qxa1 g4
22. Kh1 h5 23. Qa5 Qe7 24. Qa8 h4 25. Bb6 Rh7 26. Qd8 h3 27. Qxe7 Bxe7 28. g3
fxg3 29. hxg3 Nh5 30. Kh2 Ngf4 31. fxg4 Nxg3 32. Kxg3 Nxe2+ 33. Kh2 Bg5 34. Be3
Rc7 35. Bxg5 Rxc4 36. Rf6 Rxe4 37. Kxh3 Rb4 38. Rxd6 Rxb5 39. Rd8+ Kf7 40. d6
e4 41. Be7 Nf4+ 42. Kg3 Ne6 43. Rh8 Rb3+ 44. Kf2 e3+ 45. Ke1 Kg7 46. Rh2 Rd3
47. Rc2 Nd4 48. Rc3 Rxc3 49. bxc3 Nf3+ 50. Ke2 Ne5 51. g5 Kf7 52. Kxe3 Ke6 53.
Kd4 Nc6+ 54. Kc5 1-0

[Event "7eme Open de Saint-Chely d'Aubrac"]
[Site "Saint-Chely d'Aubrac (12)"]
[Date "2007.07.15"]
[Round "2.5"]
[White "Jester, Christian"]
[Black "Nass, Emile"]
[Result "1/2-1/2"]
[WhiteElo "1871"]
[BlackElo "2095"]
[PlyCount "84"]
[EventDate "2007.??.??"]

1. d4 Nf6 2. Nf3 d6 3. c4 Nbd7 4. Nc3 e5 5. e4 Be7 6. Be2 O-O 7. O-O Re8 8. d5
Nc5 9. Qc2 a5 10. Ne1 c6 11. Nd3 cxd5 12. exd5 Bf5 13. Qd1 Nfd7 14. f4 Bxd3 15.
Bxd3 Nxd3 16. Qxd3 Bf6 17. Ne4 Nc5 18. Nxc5 Qb6 19. Qb3 Qxc5+ 20. Be3 Qc7 21.
Rac1 exf4 22. Bxf4 Bd4+ 23. Kh1 Be5 24. Qf3 Bxb2 25. Rc2 Be5 26. Bxe5 Rxe5 27.
c5 dxc5 28. d6 Qxd6 29. Qxf7+ Kh8 30. Rcf2 h6 31. Qxb7 Rae8 32. Qb5 Qd4 33. Rf4
Qe3 34. h3 Qe2 35. Qxa5 c4 36. Qa6 Rg5 37. R4f2 Qe4 38. Qa4 c3 39. Qxe8+ Qxe8
40. Rf8+ Qxf8 41. Rxf8+ Kh7 42. Rc8 Ra5 1/2-1/2

[Event "7eme Open de Saint-Chely d'Aubrac"]
[Site "Saint-Chely d'Aubrac (12)"]
[Date "2007.07.15"]
[Round "2.6"]
[White "Desboeufs, Alexandre"]
[Black "Martinez, Loic"]
[Result "1-0"]
[WhiteElo "2065"]
[BlackElo "1880"]
[PlyCount "99"]
[EventDate "2007.??.??"]

1. e4 e5 2. f4 Bc5 3. Nf3 d6 4. c3 Bg4 5. Bc4 Bxf3 6. Qxf3 Nf6 7. d3 Nbd7 8.
Nd2 Qe7 9. Nb3 Bb6 10. Be3 Bxe3 11. Qxe3 Nb6 12. Nd2 Nxc4 13. Nxc4 exf4 14.
Qxf4 d5 15. Ne3 O-O-O 16. e5 Rhe8 17. d4 Ng8 18. Nf5 Qf8 19. Qg4 Kb8 20. Qxg7
Qxg7 21. Nxg7 Re7 22. O-O f6 23. exf6 Nxf6 24. Rxf6 Rxg7 25. Raf1 c6 26. Rf7
Rd7 27. Rxd7 Rxd7 28. Rf8+ Kc7 29. Kf2 Kb6 30. g4 c5 31. dxc5+ Kxc5 32. Rc8+
Kd6 33. h4 Rf7+ 34. Kg3 Re7 35. Rd8+ Kc5 36. Kf3 Rf7+ 37. Ke3 Re7+ 38. Kd3 Rf7
39. b4+ Kc6 40. Rg8 Rf3+ 41. Kd4 Rf4+ 42. Ke3 Re4+ 43. Kd3 h5 44. gxh5 Rxh4 45.
Rg6+ Kd7 46. h6 Ke8 47. Rg8+ Kf7 48. Rg7+ Kf8 49. Rxb7 Rxh6 50. Rxa7 1-0

[Event "7eme Open de Saint-Chely d'Aubrac"]
[Site "Saint-Chely d'Aubrac (12)"]
[Date "2007.07.15"]
[Round "2.7"]
[White "Danzanvilliers, Patrice"]
[Black "Candy, Romain"]
[Result "1/2-1/2"]
[WhiteElo "1858"]
[BlackElo "2060"]
[PlyCount "90"]
[EventDate "2007.??.??"]

1. e4 c5 2. Nf3 d6 3. d4 cxd4 4. Nxd4 Nf6 5. Nc3 g6 6. Be3 Bg7 7. f3 O-O 8. Bc4
Nc6 9. Qd2 Bd7 10. O-O-O Qa5 11. h4 Rfc8 12. Bb3 Ne5 13. Kb1 Nc4 14. Bxc4 Rxc4
15. Nd5 Qxd2 16. Rxd2 Nxd5 17. exd5 Rac8 18. g4 a5 19. Ne2 a4 20. Bd4 Bxd4 21.
Nxd4 a3 22. b3 Rc3 23. Rf1 R8c5 24. Ne2 Re3 25. Rf2 h6 26. Kc1 g5 27. hxg5 hxg5
28. Rd4 Re5 29. c4 b5 30. Kd2 bxc4 31. bxc4 Rc7 32. Nc1 Bc8 33. Nd3 Ba6 34.
Nxe5 dxe5 35. Re4 Bxc4 36. Rxe5 f6 37. Re3 Bxa2 38. Rxa3 Bxd5 39. Rc3 Rb7 40.
Ke3 Kf7 41. Rd2 e6 42. Rdc2 Kg6 43. Rh2 Rb5 44. Rh8 Kg7 45. Rhc8 Rb3 1/2-1/2

[Event "7eme Open de Saint-Chely d'Aubrac"]
[Site "Saint-Chely d'Aubrac (12)"]
[Date "2007.07.15"]
[Round "2.8"]
[White "Bonneville, Jean-Paul"]
[Black "Sidibe, Malika"]
[Result "1-0"]
[WhiteElo "2048"]
[BlackElo "1868"]
[PlyCount "71"]
[EventDate "2007.??.??"]

1. d4 Nf6 2. c4 e6 3. Nf3 Bb4+ 4. Bd2 Bxd2+ 5. Qxd2 O-O 6. Nc3 d5 7. Ne5 Nbd7
8. Rd1 Qe7 9. e3 Rd8 10. Be2 c5 11. O-O dxc4 12. dxc5 Qxc5 13. Qd6 Rf8 14. Nxc4
Qg5 15. f4 Qc5 16. Qxc5 Nxc5 17. b4 Nce4 18. Nxe4 Nxe4 19. Bf3 Nc3 20. Rd3 Nb5
21. Rc1 Rb8 22. Na5 a6 23. Kf2 b6 24. Nb3 Bb7 25. a4 Na7 26. Rd7 Bxf3 27. Kxf3
Nc8 28. Rcc7 b5 29. a5 g6 30. Nc5 Ra8 31. Nxe6 Re8 32. Ng5 f5 33. Rg7+ Kh8 34.
Rxh7+ Kg8 35. Rcg7+ Kf8 36. Rxg6 1-0

[Event "7eme Open de Saint-Chely d'Aubrac"]
[Site "Saint-Chely d'Aubrac (12)"]
[Date "2007.07.15"]
[Round "2.9"]
[White "De Biasi, Robert"]
[Black "Baeumlin, Francois"]
[Result "1/2-1/2"]
[WhiteElo "1825"]
[BlackElo "2018"]
[PlyCount "91"]
[EventDate "2007.??.??"]

1. Nf3 d5 2. g3 Nf6 3. Bg2 c5 4. d3 Nc6 5. O-O e5 6. Nbd2 Be7 7. e4 dxe4 8.
Nxe4 Nxe4 9. dxe4 Bg4 10. Qd5 Be6 11. Qxd8+ Rxd8 12. c3 O-O 13. Be3 Rd3 14.
Rfe1 Rfd8 15. Bf1 R3d7 16. Bb5 f6 17. Kg2 Rc7 18. a4 a6 19. Be2 Na5 20. Red1
Rxd1 21. Rxd1 Bb3 22. Ra1 Nc4 23. Bc1 Rd7 24. Bxc4+ Bxc4 25. Nd2 Bd3 26. b3 Be2
27. c4 Bd8 28. Ra2 Ba5 29. f3 Bd1 30. Kf2 Bxd2 31. Rxd2 Rxd2+ 32. Bxd2 Bxb3 33.
a5 g6 34. Be3 Kf7 35. Bxc5 Bxc4 36. Ke3 Ke6 37. h4 Bb3 38. f4 h5 39. Bb6 Bc2
40. Bc5 f5 41. exf5+ gxf5 42. fxe5 Kxe5 43. Bd4+ Kd5 44. Bb6 Bd1 45. Kf4 Ke6
46. Ke3 1/2-1/2

[Event "7eme Open de Saint-Chely d'Aubrac"]
[Site "Saint-Chely d'Aubrac (12)"]
[Date "2007.07.15"]
[Round "2.10"]
[White "Duffau, Pascal"]
[Black "Viennot, Dylan"]
[Result "1-0"]
[WhiteElo "2011"]
[BlackElo "1840"]
[PlyCount "115"]
[EventDate "2007.??.??"]

1. Nf3 Nf6 2. c4 g6 3. Nc3 Bg7 4. e4 d6 5. d4 O-O 6. Be2 e5 7. O-O Nc6 8. d5
Ne7 9. b4 Ne8 10. Nd2 f5 11. f3 f4 12. c5 g5 13. Nc4 Ng6 14. Rf2 Rf7 15. Bf1
Bf8 16. cxd6 cxd6 17. Bd2 h5 18. Be1 g4 19. Rc2 Qg5 20. Kh1 Rg7 21. Ne2 h4 22.
h3 gxf3 23. gxf3 Nf6 24. Bf2 Bd7 25. a4 Nh5 26. Na5 Ng3+ 27. Kh2 Nxf1+ 28. Qxf1
Qh5 29. Bg1 b6 30. Nc6 Nh8 31. a5 bxa5 32. Rxa5 Rg3 33. Rc3 Rxh3+ 34. Kg2 Rg3+
35. Kf2 Bh3 36. Qa1 Rg2+ 37. Ke1 Qg5 38. Bxa7 Bd7 39. Kd2 h3 40. Rc1 Qg3 41.
Rf1 Bg4 42. Ra3 Bh5 43. b5 h2 44. b6 Qg7 45. Rb3 Qb7 46. Nb4 Be7 47. Qa6 Qxa6
48. Nxa6 Bd8 49. b7 Ba5+ 50. Kd3 Rxe2 51. bxa8=Q+ Kg7 52. Kxe2 Bxf3+ 53. Kxf3
Nf7 54. Rb7 Bd8 55. Qxd8 Kg6 56. Qg8+ Kh6 57. Rxf7 h1=Q+ 58. Rxh1# 1-0

[Event "7eme Open de Saint-Chely d'Aubrac"]
[Site "Saint-Chely d'Aubrac (12)"]
[Date "2007.07.15"]
[Round "2.11"]
[White "Epstein, Raphael"]
[Black "Boulier, Rene"]
[Result "1-0"]
[WhiteElo "1771"]
[BlackElo "1971"]
[PlyCount "69"]
[EventDate "2007.??.??"]

1. c4 Nf6 2. Nc3 g6 3. g3 Bg7 4. Bg2 O-O 5. d3 Nc6 6. Bg5 Re8 7. Qd2 d6 8. Bh6
Bh8 9. h3 Bd7 10. Nf3 Qc8 11. e4 e6 12. g4 e5 13. Nd5 Nxd5 14. cxd5 Nd8 15. Rc1
f6 16. Nh4 g5 17. Nf5 Bxf5 18. gxf5 Nf7 19. h4 Nxh6 20. hxg5 Nf7 21. g6 hxg6
22. fxg6 Ng5 23. f4 exf4 24. Qxf4 Bg7 25. Kd2 Qd7 26. Rh5 Re5 27. Rch1 Qa4 28.
Qh4 Kf8 29. Rh8+ Ke7 30. Rxa8 Qxa2 31. Rg8 Qxb2+ 32. Ke3 Qxg2 33. Rxg7+ Kd8 34.
Qh8+ Re8 35. Qxe8+ 1-0

[Event "7eme Open de Saint-Chely d'Aubrac"]
[Site "Saint-Chely d'Aubrac (12)"]
[Date "2007.??.15"]
[Round "2.12"]
[White "Schmitt, Claude"]
[Black "Vernet, Pierrick"]
[Result "1-0"]
[WhiteElo "1970"]
[BlackElo "1199"]
[PlyCount "55"]
[EventDate "2007.??.??"]

1. c4 e5 2. Nc3 Nc6 3. g3 Nf6 4. Bg2 Bc5 5. e3 O-O 6. Nge2 d6 7. d3 Bg4 8. h3
Bf5 9. a3 a5 10. b3 Qe7 11. O-O e4 12. d4 Qe6 13. Nf4 Qe7 14. dxc5 Ne5 15. cxd6
cxd6 16. Ncd5 Qd8 17. Bb2 Bg4 18. hxg4 Nfxg4 19. Bxe4 Qg5 20. Kg2 Rfe8 21. Rh1
Re6 22. Rh5 Rh6 23. Rxg5 Rh2+ 24. Kg1 Rxf2 25. Bxe5 Nh2 26. Bxg7 Rf1+ 27. Qxf1
Nxf1 28. Bf6+ 1-0

[Event "7eme Open de Saint-Chely d'Aubrac"]
[Site "Saint-Chely d'Aubrac (12)"]
[Date "2007.07.15"]
[Round "2.13"]
[White "Rabier, Jean"]
[Black "Mourgues, Joelle"]
[Result "1-0"]
[WhiteElo "1930"]
[BlackElo "1798"]
[PlyCount "123"]
[EventDate "2007.??.??"]

1. e4 c5 2. Nf3 d6 3. Bb5+ Nc6 4. c3 a6 5. Bxc6+ bxc6 6. O-O e6 7. d4 cxd4 8.
cxd4 Be7 9. Nc3 Nf6 10. Be3 Rb8 11. Qc2 O-O 12. h3 Qc7 13. Rfd1 d5 14. e5 Nd7
15. Bg5 f6 16. exf6 Nxf6 17. b3 c5 18. Na4 c4 19. bxc4 Qxc4 20. Qxc4 dxc4 21.
Ne5 Rb4 22. Nc3 Bb7 23. Rab1 Rxb1 24. Rxb1 Ba8 25. Rb6 a5 26. Nc6 Bb4 27. Nxb4
axb4 28. Rxb4 Rc8 29. Bxf6 gxf6 30. Kf1 Kf7 31. g3 Bf3 32. Ke1 Bg2 33. h4 h5
34. Kd2 Bf3 35. Ke3 Bg2 36. a4 Bf1 37. Rb7+ Kg6 38. Rb6 Bh3 39. Kd2 Rd8 40. Ke3
Kf5 41. Rc6 Bf1 42. Rc5+ Kg6 43. Ne4 Ra8 44. Nd2 Bg2 45. Rxc4 Bd5 46. Rb4 Kf5
47. Nc4 Ra6 48. Nb2 Rc6 49. Kd2 Ke4 50. a5 Kf3 51. Nd3 Ra6 52. Ra4 e5 53. Nb4
Rd6 54. Nxd5 Rxd5 55. a6 Rd8 56. a7 Ra8 57. d5 f5 58. Ke1 e4 59. Ra3+ Kg4 60.
d6 f4 61. d7 fxg3 62. fxg3 1-0

[Event "7eme Open de Saint-Chely d'Aubrac"]
[Site "Saint-Chely d'Aubrac (12)"]
[Date "2007.07.15"]
[Round "2.14"]
[White "Lemaire, Olivier"]
[Black "Marie, Olivier"]
[Result "1-0"]
[WhiteElo "1578"]
[BlackElo "1550"]
[PlyCount "87"]
[EventDate "2007.??.??"]

1. e4 Nc6 2. Nf3 f5 3. Nc3 fxe4 4. Nxe4 d5 5. Nc3 Bf5 6. Nh4 Be6 7. d4 Bf7 8.
Nf3 Nf6 9. Bb5 a6 10. Bxc6+ bxc6 11. Ne5 e6 12. Nxc6 Qd6 13. Ne5 Be7 14. O-O
O-O 15. Be3 Bh5 16. Qd2 c5 17. f3 Be8 18. Rfe1 Rc8 19. Ne2 Qb6 20. c3 Nd7 21.
Nxd7 Bxd7 22. dxc5 Bxc5 23. Bxc5 Qxc5+ 24. Qd4 Qd6 25. Nc1 Rc4 26. Qf2 Rb8 27.
Kh1 Rc7 28. Nd3 Rcb7 29. Qc5 Qb6 30. Qxb6 Rxb6 31. Nc5 Bc8 32. b4 a5 33. a3 Rc6
34. Red1 Kf7 35. Kg1 axb4 36. axb4 Rb5 37. Kf2 Rc7 38. Ke3 Bb7 39. Ra7 Re7 40.
g3 e5 41. Nxb7 d4+ 42. cxd4 exd4+ 43. Kxd4 Rd7+ 44. Kc4 1-0

[Event "7eme Open de Saint-Chely d'Aubrac"]
[Site "Saint-Chely d'Aubrac (12)"]
[Date "2007.07.15"]
[Round "2.15"]
[White "Chamba, Antoine"]
[Black "Labarthe, Arnaud"]
[Result "1/2-1/2"]
[WhiteElo "2091"]
[BlackElo "1952"]
[PlyCount "115"]
[EventDate "2007.??.??"]

1. Nf3 d5 2. g3 c5 3. Bg2 Nc6 4. d3 e5 5. O-O Nf6 6. e4 d4 7. a4 h6 8. Na3 Be6
9. Nd2 g5 10. Ndc4 Rg8 11. Kh1 Qd7 12. f3 Be7 13. Bd2 Bd8 14. Rb1 Bc7 15. Qe1
a5 16. Rf2 Nh7 17. c3 f6 18. Nb5 O-O-O 19. cxd4 Bxc4 20. dxc4 exd4 21. f4 b6
22. e5 Rde8 23. Qe4 Nb8 24. Qb7+ Kd8 25. Bd5 Rg7 26. e6 Qc8 27. Qa7 Qa6 28.
fxg5 hxg5 29. Qxa6 Nxa6 30. g4 Be5 31. Re1 Nc7 32. Na7 Nxd5 33. Nc6+ Kc7 34.
cxd5 Kd6 35. Nxe5 fxe5 36. Rf5 Kxd5 37. Rexe5+ Kd6 38. Rd5+ Kc6 39. Bxa5 Rxe6
40. Bxb6 Kxb6 41. Rxc5 Re1+ 42. Kg2 Re2+ 43. Kf3 Rxb2 44. Ke4 Rb4 45. a5+ Kb7
46. Rce5 Rd7 47. Kd3 Rc7 48. Rb5+ Rxb5 49. Rxb5+ Ka6 50. Rd5 Rb7 51. h3 Rb3+
52. Kxd4 Rxh3 53. Ke5 Rh6 54. Rd6+ Rxd6 55. Kxd6 Nf6 56. Ke6 Nxg4 57. Kf5 Kxa5
58. Kxg5 1/2-1/2

[Event "7eme Open de Saint-Chely d'Aubrac"]
[Site "Saint-Chely d'Aubrac (12)"]
[Date "2007.07.15"]
[Round "2.16"]
[White "Benedic, Patrick"]
[Black "Wavresky, Andre"]
[Result "1-0"]
[WhiteElo "2053"]
[BlackElo "1590"]
[PlyCount "71"]
[EventDate "2007.??.??"]

1. e4 e6 2. d4 d5 3. e5 c5 4. c3 Qb6 5. Nf3 Bd7 6. a4 Nc6 7. Be2 cxd4 8. cxd4
Bb4+ 9. Kf1 Rc8 10. Na3 a6 11. Nc2 Ba5 12. Bd3 Nb4 13. Nxb4 Bxb4 14. Ng5 Nh6
15. Be3 Nf5 16. Rb1 h6 17. Nf3 Nxe3+ 18. fxe3 O-O 19. Kg1 f6 20. exf6 Rxf6 21.
Bc2 Bd6 22. Qd3 Qc7 23. Qh7+ Kf7 24. Rc1 Qb8 25. Nh4 Bf8 26. Ng6 Rxc2 27. Nh8+
Ke7 28. Qxc2 Bc6 29. Ng6+ Kd7 30. Ne5+ Ke8 31. Nxc6 bxc6 32. Qxc6+ Kd8 33. Qxa6
Ke7 34. Rc8 Qxb2 35. Qa7+ Kd6 36. Qc7# 1-0

[Event "7eme Open de Saint-Chely d'Aubrac"]
[Site "Saint-Chely d'Aubrac (12)"]
[Date "2007.07.15"]
[Round "2.17"]
[White "Tassetti, Florent"]
[Black "Mehiaoui, Dounia"]
[Result "1/2-1/2"]
[WhiteElo "1560"]
[BlackElo "1909"]
[PlyCount "50"]
[EventDate "2007.??.??"]

1. Nf3 f5 2. g3 Nf6 3. Bg2 d6 4. d3 g6 5. Nbd2 Bg7 6. O-O O-O 7. c3 Nc6 8. Nb3
e5 9. e3 a5 10. a4 Qe8 11. Re1 h6 12. d4 e4 13. Nfd2 b6 14. Nb1 Ba6 15. Na3 Ne7
16. Nd2 Ned5 17. c4 Nb4 18. Qb3 c5 19. Ndb1 Nd7 20. Rd1 Qf7 21. Nc3 Nd3 22.
Rxd3 exd3 23. Bxa8 Rxa8 24. Ncb5 Qe7 25. Qxd3 Bb7 1/2-1/2

[Event "7eme Open de Saint-Chely d'Aubrac"]
[Site "Saint-Chely d'Aubrac (12)"]
[Date "2007.07.15"]
[Round "2.18"]
[White "Viennot, Kevin"]
[Black "Le Picard, Christopher"]
[Result "1-0"]
[WhiteElo "1760"]
[BlackElo "1560"]
[PlyCount "111"]
[EventDate "2007.??.??"]

1. e4 e5 2. Nf3 Nc6 3. Bc4 Bc5 4. c3 Nf6 5. d3 d6 6. O-O O-O 7. Nbd2 Bg4 8. h3
Bh5 9. Re1 Re8 10. Nf1 a6 11. Bb3 Na5 12. Bc2 Ba7 13. Ng3 Bg6 14. Bg5 h6 15.
Bh4 Bh7 16. Nh5 g5 17. Nxf6+ Qxf6 18. Bg3 c5 19. Qd2 Nc6 20. Bb3 Rab8 21. Bd5
Ne7 22. c4 Rec8 23. Nh2 Kh8 24. Ng4 Qg7 25. Qc3 f6 26. Be6 Rd8 27. Ne3 Bg8 28.
Bxg8 Qxg8 29. Nd5 Nxd5 30. exd5 Qg6 31. Re4 Rdc8 32. Rae1 Kg7 33. b3 Rc7 34.
Qd2 Rbc8 35. Qd1 Bb6 36. Qd2 Ba7 37. f3 Bb6 38. Bh2 Ba7 39. Rc1 Kf7 40. Bg3 Kg7
41. Qc2 Kf7 42. Be1 Bb6 43. Bc3 Kg7 44. Qd2 Ba7 45. Qf2 Bb6 46. Kh2 Ba7 47. g3
Kf7 48. Rce1 Re7 49. f4 Rce8 50. fxe5 dxe5 51. Rxe5 Qxd3 52. Rxe7+ Rxe7 53.
Qxf6+ Kg8 54. Qh8+ Kf7 55. Qg7+ Ke8 56. Qxe7# 1-0

[Event "7eme Open de Saint-Chely d'Aubrac"]
[Site "Saint-Chely d'Aubrac (12)"]
[Date "2007.07.15"]
[Round "2.19"]
[White "Godard, Steven"]
[Black "Mayet, Lucas"]
[Result "0-1"]
[WhiteElo "1499"]
[BlackElo "1741"]
[PlyCount "74"]
[EventDate "2007.??.??"]

1. e4 c5 2. Nf3 d6 3. d4 cxd4 4. Nxd4 Nf6 5. Nc3 a6 6. Bg5 e6 7. f4 Nbd7 8. Qe2
h6 9. Bh4 Be7 10. Bxf6 Bxf6 11. O-O-O b5 12. a3 Qb6 13. Qd2 Rb8 14. Nb3 Ke7 15.
Be2 Rd8 16. Rhe1 Nc5 17. Bf3 Kf8 18. Re3 b4 19. axb4 Qxb4 20. Na2 Qa4 21. Kb1
Nxb3 22. cxb3 Rxb3 23. Rxb3 Qxb3 24. Rc1 a5 25. Rc6 Kg8 26. Bd1 Qb7 27. Ba4 Bd7
28. Rxd6 Qxe4+ 29. Bc2 Qb7 30. Nc3 Be7 31. Rd3 Rb8 32. Na4 Bxa4 33. Bxa4 Bf6
34. b3 Qe4 35. Ka2 Rb4 36. g3 Qh1 37. Ka3 Qa1+ 0-1

[Event "7eme Open de Saint-Chely d'Aubrac"]
[Site "Saint-Chely d'Aubrac (12)"]
[Date "2007.07.15"]
[Round "2.20"]
[White "Cuq, Christian"]
[Black "Schneider, Alec"]
[Result "1/2-1/2"]
[WhiteElo "1720"]
[BlackElo "1499"]
[PlyCount "60"]
[EventDate "2007.??.??"]

1. e4 e6 2. Nf3 d6 3. d4 d5 4. e5 c5 5. Bb5+ Bd7 6. Bxd7+ Nxd7 7. c3 Ne7 8. O-O
Ng6 9. Re1 Be7 10. Na3 O-O 11. Nc2 Rc8 12. a3 Qc7 13. Bd2 cxd4 14. Ncxd4 Ndxe5
15. Be3 Nxf3+ 16. Nxf3 Bc5 17. Rc1 Bxe3 18. Rxe3 Qb6 19. Re2 Rfd8 20. Rec2 a6
21. h4 h6 22. h5 Ne7 23. Qe2 Qa5 24. Nd4 Nc6 25. Qg4 Nxd4 26. Qxd4 Qc5 27. Qh4
Qc4 28. Qe7 Qc7 29. Qh4 Qc4 30. Qe7 Qc7 1/2-1/2

[Event "7eme Open de Saint-Chely d'Aubrac"]
[Site "Saint-Chely d'Aubrac (12)"]
[Date "2007.07.15"]
[Round "2.21"]
[White "Schneider, Martin"]
[Black "Heudre, Dominique"]
[Result "0-1"]
[WhiteElo "1499"]
[BlackElo "1720"]
[PlyCount "120"]
[EventDate "2007.??.??"]

1. d4 Nf6 2. e3 d5 3. Nc3 g6 4. Bd3 Bg7 5. Nf3 O-O 6. O-O a6 7. Qe2 Bg4 8. h3
Bxf3 9. Qxf3 Nc6 10. Re1 e6 11. Bd2 Re8 12. Re2 Re7 13. Rae1 Rd7 14. a3 Rb8 15.
b3 Qf8 16. Bc1 Na7 17. Bb2 c5 18. dxc5 Qxc5 19. Qf4 Qc7 20. Qxc7 Rxc7 21. Nd1
Rc6 22. Bd4 Nc8 23. Be5 Nd6 24. f3 Nfe8 25. Bxg7 Kxg7 26. e4 dxe4 27. Bxe4 Nxe4
28. fxe4 b5 29. Re3 Rxc2 30. Rc3 Rc8 31. Rxc8 Rxc8 32. a4 bxa4 33. bxa4 Rc4 34.
Nb2 Rb4 35. Re2 Nf6 36. e5 Ne4 37. a5 Nc5 38. Rc2 Rb5 39. Nc4 Nd7 40. Rd2 Nxe5
41. Nxe5 Rxe5 42. Ra2 h5 43. Kh2 g5 44. g3 f5 45. Ra4 Kg6 46. Kg2 Re2+ 47. Kf1
Rh2 48. h4 gxh4 49. gxh4 Kf6 50. Rb4 Ra2 51. Rb8 Rxa5 52. Rf8+ Ke5 53. Rh8 Kf4
54. Rxh5 Kg4 55. Rh6 e5 56. h5 e4 57. Rh8 f4 58. h6 Kf3 59. Ke1 e3 60. Kd1 e2+
0-1

[Event "7eme Open de Saint-Chely d'Aubrac"]
[Site "Saint-Chely d'Aubrac (12)"]
[Date "2007.07.15"]
[Round "2.22"]
[White "Luc, Rene"]
[Black "Veys, Vincent"]
[Result "1-0"]
[WhiteElo "1710"]
[BlackElo "1490"]
[PlyCount "129"]
[EventDate "2007.??.??"]

1. c4 e5 2. Nc3 Nf6 3. Nf3 Nc6 4. d3 d5 5. cxd5 Nxd5 6. g3 Bb4 7. Bd2 Bxc3 8.
bxc3 h6 9. Bg2 Be6 10. O-O Qf6 11. c4 Nde7 12. Bc3 O-O 13. Rb1 Rab8 14. Nd2 Nf5
15. Bxc6 bxc6 16. Ne4 Qg6 17. Bxe5 Rbc8 18. Nc5 Rfd8 19. Nxe6 Qxe6 20. Bf4 Re8
21. Re1 Qf6 22. Rb7 Nh4 23. Rxc7 Rxc7 24. Bxc7 Ng6 25. Ba5 Qb2 26. Qd2 Qxd2 27.
Bxd2 Rb8 28. Be3 a6 29. a3 Rb3 30. Bc5 Ne5 31. d4 Nd7 32. Bb4 Nb6 33. Rc1 Rb2
34. e4 Re2 35. f3 Re3 36. Kf2 Rd3 37. Bc5 Na4 38. Ke2 Rb3 39. Bb4 Rb2+ 40. Ke3
Rxh2 41. Rb1 Nb6 42. Kd3 g5 43. d5 cxd5 44. cxd5 h5 45. Be7 h4 46. gxh4 gxh4
47. Rxb6 h3 48. Rb1 Rg2 49. Rh1 h2 50. Bd6 Ra2 51. Rxh2 Ra1 52. Be5 Rxa3+ 53.
Kc4 Kf8 54. Bd6+ Ke8 55. Bxa3 a5 56. Kb5 a4 57. Kxa4 f5 58. e5 f4 59. Rh7 Kd8
60. Kb5 Kc8 61. Kc6 Kb8 62. Rd7 Ka8 63. e6 Kb8 64. e7 Ka8 65. e8=Q# 1-0

[Event "7eme Open de Saint-Chely d'Aubrac"]
[Site "Saint-Chely d'Aubrac (12)"]
[Date "2007.07.15"]
[Round "2.23"]
[White "Jaafar, Nacer"]
[Black "Desboeufs, Claude"]
[Result "0-1"]
[WhiteElo "1460"]
[BlackElo "1660"]
[PlyCount "76"]
[EventDate "2007.??.??"]

1. e4 d6 2. Nc3 Nf6 3. g3 g6 4. Bg2 Bg7 5. Nge2 e5 6. O-O O-O 7. d3 Nc6 8. Be3
Bd7 9. h3 Qc8 10. Kh2 h5 11. f4 Nh7 12. Nd5 exf4 13. gxf4 Bxb2 14. Rb1 Bg7 15.
e5 dxe5 16. fxe5 Bxe5+ 17. Kg1 Bxh3 18. Bc5 Bxg2 19. Kxg2 Qg4+ 20. Kf2 Rfe8 21.
Rg1 Qh4+ 22. Kg2 b6 23. Bf2 Qd8 24. Ne3 Nd4 25. c3 Nxe2 26. Qxe2 Bxc3 27. Qf3
Bd4 28. Rbe1 Qd7 29. Bh4 Bxe3 30. Rxe3 Qg4+ 31. Qxg4 hxg4 32. Rg3 f5 33. Rf1
Re2+ 34. Kg1 Rae8 35. Rc1 Re1+ 36. Rxe1 Rxe1+ 37. Kf2 Re8 38. d4 g5 0-1

[Event "7eme Open de Saint-Chely d'Aubrac"]
[Site "Saint-Chely d'Aubrac (12)"]
[Date "2007.07.15"]
[Round "2.24"]
[White "Messinger, Karl"]
[Black "Heudre, Clement"]
[Result "1-0"]
[WhiteElo "1640"]
[BlackElo "1420"]
[PlyCount "65"]
[EventDate "2007.??.??"]

1. e4 e5 2. Nf3 Nc6 3. Bb5 Bc5 4. O-O a6 5. Ba4 b5 6. Bb3 d6 7. c3 Bg4 8. d3
Bxf3 9. Qxf3 Qf6 10. Qg4 Nge7 11. Be3 Rd8 12. h4 Qg6 13. Qh3 Na5 14. Bc2 Qe6
15. g4 h5 16. Bd1 Rh7 17. b4 Bxe3 18. fxe3 Nac6 19. Nd2 Rh6 20. Kh2 hxg4 21.
Bxg4 Qg6 22. Nf3 f6 23. Rg1 Qh7 24. Bf5 Nxf5 25. exf5 d5 26. Qg4 Rd7 27. Rg2 d4
28. cxd4 exd4 29. Qe4+ Ne7 30. Rg4 dxe3 31. Qxe3 Qxf5 32. Rxg7 Kf8 33. Qxh6 1-0

[Event "7eme Open de Saint-Chely d'Aubrac"]
[Site "Saint-Chely d'Aubrac (12)"]
[Date "2007.07.15"]
[Round "2.25"]
[White "Meyer, Bernard"]
[Black "Gazel, Bruno"]
[Result "1-0"]
[WhiteElo "1410"]
[BlackElo "1630"]
[PlyCount "91"]
[EventDate "2007.??.??"]

1. d4 Nf6 2. c4 e6 3. Nc3 b6 4. Nf3 Bb7 5. Bg5 Be7 6. e3 O-O 7. Bd3 h6 8. Bh4
d5 9. O-O Nbd7 10. Rc1 c5 11. cxd5 Nxd5 12. Bxe7 Qxe7 13. Re1 Nxc3 14. bxc3
Rac8 15. e4 cxd4 16. cxd4 Rxc1 17. Qxc1 Rc8 18. Qe3 Qa3 19. Qd2 Ba6 20. Bxa6
Qxa6 21. h3 Qc4 22. d5 e5 23. Qe2 f6 24. Nh4 Qxe2 25. Rxe2 Kf7 26. Nf5 Rc7 27.
f3 Nf8 28. Rd2 Rd7 29. Rc2 Ke8 30. Rc8+ Kf7 31. Kf2 Ng6 32. g3 Ne7 33. Nxe7
Kxe7 34. Ke3 Kd6 35. Rc6+ Ke7 36. a4 Rd6 37. Rxd6 Kxd6 38. Kd3 Kc5 39. Kc3 a6
40. h4 h5 41. g4 g6 42. gxh5 gxh5 43. Kb3 a5 44. Kc3 Kd6 45. Kc4 Kc7 46. Kb5
1-0

[Event "7eme Open de Saint-Chely d'Aubrac"]
[Site "Saint-Chely d'Aubrac (12)"]
[Date "2007.07.15"]
[Round "2.26"]
[White "Saucey, Capucine"]
[Black "Saucey, Milena"]
[Result "1-0"]
[WhiteElo "1629"]
[BlackElo "1380"]
[PlyCount "65"]
[EventDate "2007.??.??"]

1. e4 c6 2. d4 d5 3. Nc3 dxe4 4. Nxe4 Bf5 5. Ng3 Bg6 6. h4 h5 7. Nf3 f6 8. Bc4
Nd7 9. c3 Nb6 10. Be6 Qd6 11. Qb3 Nh6 12. O-O Ng4 13. Re1 c5 14. Qb5+ Qc6 15.
Qxc6+ bxc6 16. dxc5 Na4 17. b4 Nxc3 18. Bd2 Nb5 19. a4 Nc7 20. Nd4 Ne5 21. Bf4
Nxe6 22. Nxe6 Kd7 23. Nxf8+ Rhxf8 24. Bxe5 fxe5 25. Rxe5 Rh8 26. Rd1+ Ke8 27.
Rde1 a5 28. Rxe7+ Kf8 29. bxa5 Rxa5 30. R7e6 Bf7 31. Rxc6 Rxa4 32. Rc8+ Be8 33.
Rcxe8+ 1-0

[Event "7eme Open de Saint-Chely d'Aubrac"]
[Site "Saint-Chely d'Aubrac (12)"]
[Date "2007.07.15"]
[Round "2.27"]
[White "Causse, Michel"]
[Black "Manser, Luca"]
[Result "1/2-1/2"]
[WhiteElo "1360"]
[BlackElo "1590"]
[PlyCount "61"]
[EventDate "2007.??.??"]

1. d4 d5 2. c4 e6 3. Nf3 Nf6 4. e3 Be7 5. Nc3 O-O 6. Bd3 b6 7. O-O Bb7 8. Re1
c5 9. b3 Nc6 10. a3 Qc7 11. Bb2 Rfd8 12. Qc2 a6 13. Ne2 Rd7 14. Ne5 Rdd8 15. f4
g6 16. Rf1 dxc4 17. bxc4 cxd4 18. exd4 b5 19. cxb5 axb5 20. Nxc6 Qxc6 21. Qxc6
Bxc6 22. Ng3 b4 23. axb4 Bxb4 24. Rxa8 Rxa8 25. Ra1 Rxa1+ 26. Bxa1 Bd6 27. Ne2
Nd5 28. g3 Nb4 29. Bb1 Bb5 30. Nc3 Bc6 31. Ne2 1/2-1/2